00822nam a22002177a 4500003000200000005001700002008004100019050002800060100002800088245009800116260007100214300004500285500004100330504005600371650002600427650002900453650003400482700002600516700002800542700003400570020250204124826.0250204b xxu||||| |||| 00| 0 eng d aHF 5415.1255b.R37 2023 aRaso, Sylvia Gillian R. aCreating the digital brand guideline for gain inc. cSylvia Gillian R. Raso and three others. aLas Pinas CitybSouthville International School and Collegesc2023 avi, 98 pages :bcolored pictures.c28cm. aBachelor of Arts in Multimedia Arts. aIncludes bibliographical references and appendices. aBranding (Marketing). aOnline Brand Management. aDigital Marketing Strategies. aReyes, Andrea Mika M. aTabiosas, Carl Jacob S. aUtanes, Patricia Angelika A.